LIBRARY & INFORMATION CENTRE, KCAET, TAVANUR

ONLINE PUBLIC ACCESS CATALOGUE (OPAC)

Storage of Cereal Grains and their Products (Record no. 14533)

MARC details
000 -LEADER
fixed length control field 00335nam a22001337a 4500
020 ## - INTERNATIONAL STANDARD BOOK NUMBER
ISBN 9789381617021
082 ## - DEWEY DECIMAL CLASSIFICATION NUMBER
Classification number 664.02
Item number AND/ST
245 ## - TITLE STATEMENT
Title Storage of Cereal Grains and their Products
260 ## - PUBLICATION, DISTRIBUTION, ETC. (IMPRINT)
Place of publication New Delhi
Name of publisher Bio - Green Books
Year of publication 2013
300 ## - PHYSICAL DESCRIPTION
Number of Pages 515
700 ## - ADDED ENTRY--PERSONAL NAME
Personal name Anderson, J.A.
700 ## - ADDED ENTRY--PERSONAL NAME
Personal name Alcock, A.W
942 ## - ADDED ENTRY ELEMENTS (KOHA)
Koha item type Books
Holdings
Withdrawn status Lost status Damaged status Collection code Home library Current library Shelving location Date acquired Source of acquisition Cost, normal purchase price Full call number Accession Number Koha item type
        KAUAET KAUAET General Stacks 14/07/2016 Researchco Books and Periodicals, New Delhi 1750.00 664.02 AND/ST 24359 Books
free website counter